| 000 | 00354nam a2200145Ia 4500 | ||
|---|---|---|---|
| 008 | 230917s9999||||xx |||||||||||||| ||und|| | ||
| 040 |
_e41594 _aMAIN |
||
| 041 | _aEnglish | ||
| 082 | _a942 Al53E | ||
| 100 | _aTrevelyan, George Macaulay | ||
| 245 | 0 | _aEngland of Queen Anne | |
| 260 |
_aLondon _bLongman _c1962 |
||
| 300 | _axiv, 194 p. | ||
| 942 | _cBK | ||
| 999 |
_c193484 _d193484 |
||